Flags of North America - 30 Seconds - Statistics

General Stats
  • This quiz has been taken 435 times
    431 since last reset
  • The average score is 11 of 23
Answer Stats
Picture Answer % Correct
Mexico
56%
United States
56%
Bahamas
53%
Panama
53%
Trinidad and Tobago
53%
Canada
50%
Costa Rica
50%
Honduras
49%
Barbados
48%
Jamaica
48%
Haiti
47%
Antigua and Barbuda
45%
Cuba
45%
St Vincent and the Grenadines
45%
Dominican Republic
43%
Grenada
43%
Guatemala
42%
St Kitts and Nevis
42%
Belize
39%
El Salvador
39%
St Lucia
39%
Dominica
36%
Nicaragua
36%
No matching quizzes found
Score Distribution
Percent of People with Each Score
Percentile by Number Answered
Your Score History
You have not taken this quiz since the last reset